|
|
|
|
| LEADER |
01133nam a2200241 u 4500 |
| 001 |
10020791 |
| 003 |
GR-PaULI |
| 005 |
20231025124548.0 |
| 008 |
990309s2017 gr 0 gre |
| 952 |
|
|
|0 0
|1 0
|2 ddc
|4 0
|6 949_507000000000000_3_ΕΛΛ
|7 0
|9 245328
|a LISP
|b LISP
|c BSC
|d 2020-12-01
|i 149940
|l 0
|o 949.507 3 ΕΛΛ
|p 025000276948
|r 2020-12-01 00:00:00
|t 1
|w 2020-12-01
|y BK15
|
| 999 |
|
|
|c 148102
|d 148102
|
| 020 |
|
|
|a 9789602217542
|
| 040 |
|
|
|a GR-PaULI
|c GR-PaULI
|b gre
|e AACR2
|
| 082 |
0 |
4 |
|a 949.507 3
|2 23
|
| 245 |
0 |
2 |
|a Η Ελλάδα στο Μεσοπόλεμο :
|b μετασχηματισμοί και διακυβεύματα /
|c επιμέλεια Έφη Αβδελά... [και.ά.].
|
| 260 |
|
|
|a Αθήνα :
|b Αλεξάνδρεια,
|c 2017.
|
| 300 |
|
|
|a 287 σ. ;
|b
|c 24 εκ.
|
| 504 |
|
|
|a Περιλαμβάνει βιβλιογραφία.
|
| 651 |
|
4 |
|a Ελλάδα
|x Ιστορία
|y 1917-1944.
|9 184544
|
| 651 |
|
4 |
|a Ελλάδα
|x Πολιτική και διακυβέρνηση
|y 1917-1935.
|9 34011
|
| 700 |
1 |
|
|a Αβδελά, Έφη,
|d 1952-
|e επιμελήτρια.
|9 45238
|
| 942 |
|
|
|2 ddc
|c BK15
|
| 998 |
|
|
|c ΜΠΟΥΡΑΣ
|d 2020-12
|